000 00286nam a22001337a 4500
020 _a978-0-7214-393-7
082 _a823
_bBIR/G
100 _aBIRKINSHAW, MARIE
245 _aGHOST HOUSE
260 _aLONDON
_bLADYBIRD
300 _a31
650 _aENGLISH SHORT STORY
_zUK
942 _cBK
999 _c4660
_d4660